| 000 | 00394cam a2200145ua 4500 | ||
|---|---|---|---|
| 082 |
_a62.371 _bSAW/CO |
||
| 100 | _aSawhney, A.K . | ||
| 245 | _aCourse in Electrical and Electronic Measurements and Instrumentation / | ||
| 250 | _a11 / | ||
| 260 |
_a : _bDhanpat Rai Publishing Co. Pvt. Ltd. , _c1996. |
||
| 300 | _a1542 ; . | ||
| 500 | _a*CSS | ||
| 700 | 1 | _aPuneet, Sawhney . | |
| 942 | _cBK | ||
| 999 |
_c1339 _d1339 |
||